Ideas científicas en la infancia y la adolescencia
保存先:
| 主要な著者: | , , |
|---|---|
| フォーマット: | 図書 |
| 言語: | スペイン語 |
| 出版事項: |
Madrid, España
Ministerio de Educación y Cultura Ediciones Morata
1999
|
| 版: | 4a. ed |
| シリーズ: | Colección Educación Infantil y Primaria,
|
| 主題: | |
| タグ: |
タグ追加
タグなし, このレコードへの初めてのタグを付けませんか!
|
MARC
| LEADER | 00000cam a2200000 a 4500 | ||
|---|---|---|---|
| 001 | UCC8307 | ||
| 003 | CL-VaPUC | ||
| 005 | 20250220161852.0 | ||
| 008 | 190617e19990000sp |||||||||||||||||spa|d | ||
| 020 | |a 9788471123282 | ||
| 040 | |c Pontificia Universidad Católica de Valparaíso | ||
| 082 | 0 | 4 | |a 372.35 DRI 1999 |2 21 |
| 100 | 0 | |a Driver, Rosalind |e author |9 61 | |
| 245 | 1 | 0 | |a Ideas científicas en la infancia y la adolescencia |
| 250 | |a 4a. ed | ||
| 260 | |a Madrid, España |b Ministerio de Educación y Cultura |b Ediciones Morata |c 1999 | ||
| 300 | |a 310 páginas | ||
| 440 | |a Colección Educación Infantil y Primaria, |n 8 |9 856753 | ||
| 583 | |a last modification |c 20190617 11:18:00 |k Rodrigo Vera | ||
| 650 | 7 | |a ENSEÑANZA DE LAS CIENCIAS NATURALES |2 CL-VaPUC |9 602984 | |
| 650 | 0 | |a Educación científica |9 307484 | |
| 650 | 0 | |a Ciencia y tecnología |9 260585 | |
| 700 | 0 | |a Guesne, Edith |e author |9 602982 | |
| 700 | 0 | |a Tiberghien, Andrée |e author |9 602983 | |
| 852 | |a BIBEDU | ||
| 942 | |c BK |2 ddc | ||
| 945 | |d 20190617 11:18:00 |a dcastane | ||
| 999 | |c 374657 |d 374655 | ||
| 952 | |0 0 |1 0 |3 erb |4 0 |6 372_350000000000000_DRI_1999_1999 |7 0 |8 A |9 493307 |a BIBEDU |b BIBEDU |d 2019-06-12 |e 11 |g 18500.00 |i 5552966 |l 1 |o 372.35 DRI 1999 1999 |p 5552966 |r 2023-04-12 |s 2023-03-31 |v 18500.00 |w 2019-11-24 |y BK |z Catalogado en:20190617 |k EBA | ||
| 952 | |0 0 |1 0 |3 erb |4 0 |6 372_350000000000000_DRI_1999_1999 |7 0 |8 A |9 493308 |a BIBEDU |b BIBEDU |d 2019-07-08 |e 11 |g 31000.00 |i 5555051 |o 372.35 DRI 1999 1999 |p 5555051 |r 2019-11-24 |v 31000.00 |w 2019-11-24 |y BK |z Catalogado en:20190712 |k EPE | ||